Statistics for Countries of the world that do not contain any letters in the word JETPUNK in their name

Click here to take the quiz!

General Stats

  • This quiz has been taken 86 times
    (48 since last reset)
  • The average score is 8 of 22

Answer Stats

Answer% Correct
Brazil
64%
Morocco
50%
Mali
47%
Chad
47%
Samoa
47%
Iraq
47%
Laos
44%
Bolivia
42%
Zambia
39%
Colombia
39%
Syria
36%
Libya
36%
Gambia
36%
Malawi
33%
Madagascar
28%
Bahamas
25%
Somalia
22%
Cambodia
22%
Malaysia
19%
Comoros
19%
Barbados
14%
Moldova
11%

Score Distribution

Percentile by Number Answered

Percent of People with Each Score

Your Score History

You have not taken this quiz since the last reset